Statistics for Neymar Goals 2015

Click here to take the quiz!

General Stats

  • This quiz has been taken 42 times
  • The average score is 11 of 24

Answer Stats

Neymar% Correct
Real Madrid
97%
Atletico Madrid
89%
Sevilla
76%
Athletic Bilbao
65%
Paris SG
65%
Athletic Bilbao
62%
Juventus
62%
Bayern Munich
57%
Celta Vigo
51%
Levante
49%
Espanyol
49%
Real Sociedad
46%
Getafe
38%
Elche
32%
Villareal
30%
France
24%
Rayo Vallecano
24%
Villarreal
24%
Córdoba
22%
USA
19%
Peru
19%
BATE Borisov
8%

Score Distribution

Percentile by Number Answered

Percent of People with Each Score

Your Score History

You have not taken this quiz